| 000 | 00481aam a2200181 4500 | ||
|---|---|---|---|
| 005 | 20161117114150.0 | ||
| 008 | 150624b xxu||||| |||| 00| 0 spa d | ||
| 041 | _aEspañol | ||
| 082 | _a1.4.23 H733c | ||
| 100 |
_aHoll, Sieglinde _926124 |
||
| 100 |
_aOehler, Roswitha _926125 |
||
| 245 | _aCurso de doblar servilletas paso a paso | ||
| 260 |
_aAlemania _c2010 |
||
| 300 | _a79 páginas | ||
| 650 |
_aDECORACIÓN DE MESAS _91709 |
||
| 650 |
_aSERVILLETAS _922274 |
||
| 942 | _cBK | ||
| 999 |
_c3054 _d3054 |
||